Dans quel album des Aventures de Tintin ? #1 - Statistiques

Statistiques générales
  • Ce quiz a été pris 3 193 fois
  • Le résultat moyen est 10 sur 24
Statistiques - réponses
Hint Réponse % Correct
Sélectionnez l'album dans lequel...
Tintin sauve Tchang de la noyade
Le Lotus Bleu
76%
Sélectionnez l'album dans lequel...
Un lama crache au visage du capitaine Haddock
Le Temple du Soleil
68%
Sélectionnez l'album dans lequel...
Dupond et Dupont conduisent une jeep dans le désert
Tintin au pays de l'Or Noir
68%
Sélectionnez l'album dans lequel...
Le capitaine Haddock fait sa première apparition
Le Crabe aux Pinces d'Or
65%
Sélectionnez l'album dans lequel...
Un prophète annonce la fin du monde
L'Étoile Mystérieuse
63%
Sélectionnez l'album dans lequel...
Un volcan entre en éruption
Vol 714 pour Sydney
57%
Sélectionnez l'album dans lequel...
Un serpent avale Milou
Tintin au Congo
52%
Sélectionnez l'album dans lequel...
Tintin assomme Nestor
Le Secret de la Licorne
50%
Sélectionnez l'album dans lequel...
Tintin ne quitte pas la Belgique de tout l'album
Les Bijoux de la Castafiore
44%
Sélectionnez l'album dans lequel...
Le docteur Müller fait sa première apparition
L'Île Noire
43%
Sélectionnez l'album dans lequel...
Oliveira da Figueira fait sa première apparition
Les Cigares du Pharaon
42%
Sélectionnez l'album dans lequel...
La Castafiore fait sa première apparition
Le Sceptre d'Ottokar
39%
Sélectionnez l'album dans lequel...
Tintin se rend en Suisse
L'Affaire Tournesol
39%
Sélectionnez l'album dans lequel...
Dupont et Dupond sont condamnés à la peine de mort
Tintin et les Picaros
38%
Sélectionnez l'album dans lequel...
Tintin et le capitaine Haddock jouent aux échecs
Tintin au Tibet
37%
Sélectionnez l'album dans lequel...
Abdallah emménage à Moulinsart
Coke en Stock
35%
Sélectionnez l'album dans lequel...
Le professeur Tournesol fait sa première apparition
Le Trésor de Rackham le Rouge
33%
Sélectionnez l'album dans lequel...
Tintin affronte un ours
Tintin au pays des Soviets
32%
Sélectionnez l'album dans lequel...
Dupont et Dupond passent les menottes à un squelette
Objectif Lune
31%
Sélectionnez l'album dans lequel...
Tintin est nommé colonel
L'Oreille cassée
29%
Sélectionnez l'album dans lequel...
Le capitaine Haddock tente un tour de magie
Les Sept Boules de Cristal
29%
Sélectionnez l'album dans lequel...
Tintin porte une armure de chevalier
Tintin en Amérique
26%
Sélectionnez l'album dans lequel...
Tintin prend l'avion pour l'Italie
Tintin et l'Alph-Art
25%
Sélectionnez l'album dans lequel...
Milou a une patte cassée
On a marché sur la Lune
22%
Aucun quiz correspondant
Distribution des résultats
% des personnes avec chaque résultat
Percentile par nombre de réponses
Votre historique - résultats
Vous n’avez pas pris ce quiz